| 000 | 00547nam a2200181Ia 4500 | ||
|---|---|---|---|
| 999 |
_c22268 _d22268 |
||
| 082 | _a338.927095 QUY-T | ||
| 100 | _aQuy, Nguyen Duy | ||
| 245 | 0 | _aTowards an ASEAN of peace, stability and sustainable development | |
| 260 |
_aHA NOI _bGIOI Publishers _c2003 |
||
| 300 | _a460 | ||
| 650 |
_aSustainable development _vAsia |
||
| 650 |
_aAsia _vEconomic development |
||
| 650 |
_aInternational cooperation _vAsia |
||
| 650 |
_aASEAN _vForeign economic relations |
||
| 650 |
_aASEAN _vForeign relations |
||
| 700 | _aChuong, Pham Van | ||
| 942 | _cBK | ||